[Event "NAYCC U12"]
[Site "Toronto CAN"]
[Date "2013.08.16"]
[Round "5"]
[White "Zhang, Zhehai"]
[Black "Seela, Anirudh"]
[Result "0-1"]
[WhiteElo "1526"]
[BlackElo "1812"]
[PlyCount "90"]
[GameId "2160767909267367"]
[EventDate "2013.08.14"]
[EventType "swiss"]
[EventRounds "9"]
[EventCountry "CAN"]
[SourceTitle "EXT 2022"]
[Source "ChessBase"]
[SourceDate "2021.10.06"]
[SourceVersion "1"]
[SourceVersionDate "2021.10.06"]
[SourceQuality "1"]

1. e4 d5 2. exd5 Qxd5 3. Nc3 Qa5 4. Nf3 Nf6 5. Be2 c6 6. O-O Bf5 7. d4 e6 8. Bd2 Qc7 9. a3 Bd6 10. h3 O-O 11. b4 Nbd7 12. Nh4 Bg6 13. Nxg6 hxg6 14. Re1 Nb6 15. Bd3 Nfd5 16. Ne4 Bf4 17. c4 Bxd2 18. Qxd2 Ne7 19. Ng3 Rad8 20. Bf1 Rd7 21. Rad1 Rfd8 22. Qc3 Nbc8 23. Rd3 Nd6 24. Red1 Ndf5 25. Nxf5 gxf5 26. a4 Rd6 27. Be2 Ng6 28. R3d2 Qe7 29. Bf3 Qg5 30. Qe3 f4 31. Qb3 e5 32. Qc3 Nh4 33. d5 f5 34. Qb3 e4 35. Kh2 exf3 36. g3 Rg6 37. Rg1 fxg3+ 38. fxg3 Qxd2+ 39. Kh1 f2 40. Rf1 Qe2 41. Qd3 Qxd3 42. Rxf2 Qxg3 43. Rxf5 Qe1+ 44. Rf1 Qxf1+ 45. Kh2 Nf3# 0-1

[Event "NAYCC U12"]
[Site "Toronto CAN"]
[Date "2013.08.16"]
[Round "5"]
[White "Zotkin, Daniel"]
[Black "Mercado, Carlos"]
[Result "0-1"]
[WhiteElo "1974"]
[BlackElo "1782"]
[PlyCount "110"]
[GameId "2160767909267368"]
[EventDate "2013.08.14"]
[EventType "swiss"]
[EventRounds "9"]
[EventCountry "CAN"]
[SourceTitle "EXT 2022"]
[Source "ChessBase"]
[SourceDate "2021.10.06"]
[SourceVersion "1"]
[SourceVersionDate "2021.10.06"]
[SourceQuality "1"]

1. e4 c5 2. Nf3 e6 3. d4 cxd4 4. Nxd4 Qb6 5. Nc3 Bc5 6. Na4 Qa5+ 7. c3 Bxd4 8. Qxd4 Nf6 9. Be3 Nc6 10. Qc4 d5 11. exd5 Nxd5 12. Nc5 Nxe3 13. fxe3 O-O 14. Be2 Ne5 15. Qd4 Qc7 16. Rd1 b6 17. Nb3 Bb7 18. O-O Rad8 19. Qf4 Rxd1 20. Rxd1 Qc6 21. Bf1 Ng6 22. Qg3 Qa4 23. Ra1 Bd5 24. Nd4 e5 25. Nf3 Qe4 26. Ng5 Qc2 27. Qf2 Qxf2+ 28. Kxf2 h6 29. Nf3 f5 30. Rd1 Be6 31. Rd6 Kf7 32. a3 Ke7 33. Rd2 e4 34. Nd4 Ne5 35. h3 g5 36. Bb5 Bc4 37. Nc6+ Nxc6 38. Bxc6 Bd3 39. Ba4 Ke6 40. Bc2 Rd8 41. Ke1 Ke5 42. g3 Rd6 43. Bxd3 exd3 44. Kf2 Ke4 45. c4 Rc6 46. b3 b5 47. cxb5 Rc2 48. Ke1 Kxe3 49. Rd1 d2+ 50. Kf1 Rc1 51. Rxc1 dxc1=Q+ 52. Kg2 Qe1 53. a4 Qf2+ 54. Kh1 Kf3 55. a5 Qg2# 0-1

[Event "NAYCC U12"]
[Site "Toronto CAN"]
[Date "2013.08.17"]
[Round "6"]
[White "Balendra, Harigaran"]
[Black "Sun, Benjamin"]
[Result "1-0"]
[WhiteElo "1317"]
[BlackElo "1414"]
[PlyCount "51"]
[GameId "2160767909267369"]
[EventDate "2013.08.14"]
[EventType "swiss"]
[EventRounds "9"]
[EventCountry "CAN"]
[SourceTitle "EXT 2022"]
[Source "ChessBase"]
[SourceDate "2021.10.06"]
[SourceVersion "1"]
[SourceVersionDate "2021.10.06"]
[SourceQuality "1"]

1. e4 c5 2. Nf3 Nc6 3. d4 cxd4 4. Nxd4 Nf6 5. Nc3 e6 6. Be3 Bb4 7. f3 d5 8. Bd3 O-O 9. O-O Bxc3 10. bxc3 a6 11. Bg5 h6 12. Bh4 g5 13. Bg3 Nh5 14. f4 Nxg3 15. hxg3 Kh8 16. Qh5 Qf6 17. e5 Qg7 18. g4 gxf4 19. Nxc6 bxc6 20. Rxf4 f6 21. exf6 Rxf6 22. Qe8+ Qf8 23. Qxf8+ Rxf8 24. Rxf8+ Kg7 25. Raf1 h5 26. g5 1-0

[Event "NAYCC U12"]
[Site "Toronto CAN"]
[Date "2013.08.17"]
[Round "6"]
[White "Cai, Jason"]
[Black "Xu, Jeffrey"]
[Result "0-1"]
[WhiteElo "1778"]
[BlackElo "1976"]
[PlyCount "72"]
[GameId "2160767909267370"]
[EventDate "2013.08.14"]
[EventType "swiss"]
[EventRounds "9"]
[EventCountry "CAN"]
[SourceTitle "EXT 2022"]
[Source "ChessBase"]
[SourceDate "2021.10.06"]
[SourceVersion "1"]
[SourceVersionDate "2021.10.06"]
[SourceQuality "1"]

1. e4 e6 2. d4 d5 3. Nd2 Nf6 4. e5 Nfd7 5. Bd3 c5 6. c3 Nc6 7. Ngf3 Qb6 8. O-O Be7 9. Re1 g5 10. h3 h5 11. g4 hxg4 12. hxg4 cxd4 13. cxd4 Nxd4 14. Nxd4 Qxd4 15. Nb3 Qa4 16. Qe2 a6 17. Bc2 Qc6 18. Be3 d4 19. f3 dxe3 20. Be4 Qb6 21. Rac1 Nxe5 22. Qxe3 Qxe3+ 23. Rxe3 Rb8 24. Rec3 O-O 25. Nc5 b6 26. Nd3 Nxd3 27. Rxd3 Bc5+ 28. Kg2 Bb7 29. Rcd1 Bxe4 30. fxe4 Kg7 31. e5 Rbc8 32. Kf3 Rh8 33. Ke4 Rh4 34. Rg3 Rch8 35. Rd2 Rh3 36. Rgg2 Re3# 0-1

[Event "NAYCC U12"]
[Site "Toronto CAN"]
[Date "2013.08.17"]
[Round "6"]
[White "Chen, Richard"]
[Black "Fan, Run Kun"]
[Result "1/2-1/2"]
[WhiteElo "1942"]
[BlackElo "1568"]
[PlyCount "67"]
[GameId "2160767909267371"]
[EventDate "2013.08.14"]
[EventType "swiss"]
[EventRounds "9"]
[EventCountry "CAN"]
[SourceTitle "EXT 2022"]
[Source "ChessBase"]
[SourceDate "2021.10.06"]
[SourceVersion "1"]
[SourceVersionDate "2021.10.06"]
[SourceQuality "1"]

1. e4 Nf6 2. e5 Nd5 3. c4 Nb6 4. d4 d6 5. Nf3 Nc6 6. exd6 exd6 7. Nc3 Be7 8. Be2 O-O 9. O-O Bg4 10. b3 Bf6 11. Be3 Re8 12. Qd2 a5 13. a3 a4 14. b4 Bxf3 15. Bxf3 Nxc4 16. Qd3 Nb6 17. Rac1 d5 18. g3 Ne7 19. Bg2 c6 20. Rcd1 Nc4 21. Bc1 g6 22. g4 Nc8 23. Kh1 N8d6 24. f4 Bg7 25. Qg3 f5 26. g5 b5 27. h4 Ra7 28. Rf3 Rae7 29. Kh2 Qb6 30. Qf2 Ne4 31. Qg1 Nxc3 32. Rxc3 Re2 33. Kg3 R2e6 34. Bf3 1/2-1/2

[Event "NAYCC U12"]
[Site "Toronto CAN"]
[Date "2013.08.17"]
[Round "6"]
[White "Chertkow, Matthew"]
[Black "Deng, Yi"]
[Result "0-1"]
[WhiteElo "1046"]
[BlackElo "1244"]
[PlyCount "74"]
[GameId "2160767739919898"]
[EventDate "2013.08.14"]
[EventType "swiss"]
[EventRounds "9"]
[EventCountry "CAN"]
[SourceTitle "EXT 2022"]
[Source "ChessBase"]
[SourceDate "2021.10.06"]
[SourceVersion "1"]
[SourceVersionDate "2021.10.06"]
[SourceQuality "1"]

1. e4 c5 2. Nf3 Nc6 3. d4 e6 4. Nc3 d5 5. exd5 exd5 6. dxc5 Be6 7. Bb5 Bxc5 8. Ne5 Nge7 9. O-O a6 10. Nxc6 Nxc6 11. Bd3 Qh4 12. Qf3 O-O-O 13. a3 Bd6 14. g3 Qf6 15. Qxf6 gxf6 16. b4 Be5 17. Bb2 Nd4 18. f4 Bc7 19. Ne2 Nxe2+ 20. Bxe2 Rde8 21. Bxf6 Rhg8 22. Bh5 Bb6+ 23. Kg2 d4 24. h3 Bd5+ 25. Kh2 Re3 26. Bg4+ Rxg4 27. hxg4 Re2+ 28. Kh3 Bg2+ 29. Kh4 Bxf1 30. Rxf1 Rxc2 31. Rh1 d3 32. Rd1 d2 33. f5 Be3 34. Bg5 Rc1 35. Bxe3 Rxd1 36. Kg5 Kd7 37. Kf6 Ke8 {...} 0-1

[Event "NAYCC U12"]
[Site "Toronto CAN"]
[Date "2013.08.17"]
[Round "6"]
[White "Corvera Choi, Malik"]
[Black "Ju, Terrence"]
[Result "1-0"]
[WhiteElo "1539"]
[BlackElo "1388"]
[PlyCount "75"]
[GameId "2160767909267372"]
[EventDate "2013.08.14"]
[EventType "swiss"]
[EventRounds "9"]
[EventCountry "CAN"]
[SourceTitle "EXT 2022"]
[Source "ChessBase"]
[SourceDate "2021.10.06"]
[SourceVersion "1"]
[SourceVersionDate "2021.10.06"]
[SourceQuality "1"]

1. c4 e5 2. Nc3 Nf6 3. Nf3 Nc6 4. g3 Bc5 5. Bg2 d6 6. O-O Be6 7. d3 h6 8. a3 O-O 9. Rb1 Qd7 10. b4 Bb6 11. Bd2 Bh3 12. Na4 Rfe8 13. e4 Bg4 14. Be3 Bd4 15. b5 Na5 16. Bxd4 exd4 17. Qd2 b6 18. Nxd4 Rad8 19. f3 Bh5 20. Nc3 Nb7 21. Nc6 Ra8 22. a4 Na5 23. Nxa5 bxa5 24. Nd5 Nh7 25. Qxa5 Rec8 26. Qc3 Rf8 27. a5 a6 28. b6 c6 29. Nc7 Rab8 30. Nxa6 Rb7 31. c5 d5 32. exd5 Qxd5 33. Nb4 Qg5 34. d4 f5 35. f4 Qf6 36. Nxc6 Rd7 37. Ne5 Rdd8 38. a6 1-0

[Event "NAYCC U12"]
[Site "Toronto CAN"]
[Date "2013.08.17"]
[Round "6"]
[White "D'Alonzo, Jonathan"]
[Black "Balachandran, Henushan"]
[Result "1-0"]
[WhiteElo "1431"]
[BlackElo "958"]
[PlyCount "75"]
[GameId "2160767909267373"]
[EventDate "2013.08.14"]
[EventType "swiss"]
[EventRounds "9"]
[EventCountry "CAN"]
[SourceTitle "EXT 2022"]
[Source "ChessBase"]
[SourceDate "2021.10.06"]
[SourceVersion "1"]
[SourceVersionDate "2021.10.06"]
[SourceQuality "1"]

1. e4 e5 2. Nf3 Nc6 3. Bc4 Nf6 4. d3 h6 5. Nc3 Bc5 6. Nd5 Bd6 7. Bd2 Nxd5 8. Bxd5 O-O 9. O-O Re8 10. h3 Nd4 11. Nxd4 exd4 12. Qf3 Rf8 13. Rfe1 c6 14. Bb3 Be5 15. Qe2 Re8 16. Qh5 Qf6 17. Rf1 d6 18. f4 Qe7 19. fxe5 Be6 20. exd6 Qxd6 21. Bxe6 Qxe6 22. Qf5 Qxf5 23. Rxf5 b5 24. Raf1 Re7 25. Bb4 Rd7 26. Rc5 Rc8 27. Rcf5 Rdc7 28. Bc5 g6 29. Rf6 Kg7 30. Bxd4 Kg8 31. Be3 Kg7 32. g4 g5 33. h4 gxh4 34. Bxh6+ Kh7 35. Bf4 Rd7 36. Rh6+ Kg7 37. Rxh4 Rh8 38. Be5+ 1-0

[Event "NAYCC U12"]
[Site "Toronto CAN"]
[Date "2013.08.17"]
[Round "6"]
[White "Doknjas, Joshua"]
[Black "Yie, Kevin Yi Xiao"]
[Result "1-0"]
[WhiteElo "1856"]
[BlackElo "1578"]
[PlyCount "137"]
[GameId "2160767909267374"]
[EventDate "2013.08.14"]
[EventType "swiss"]
[EventRounds "9"]
[EventCountry "CAN"]
[SourceTitle "EXT 2022"]
[Source "ChessBase"]
[SourceDate "2021.10.06"]
[SourceVersion "1"]
[SourceVersionDate "2021.10.06"]
[SourceQuality "1"]

1. e4 e6 2. d4 d5 3. Nc3 Bb4 4. exd5 exd5 5. Bd3 Nf6 6. Bg5 Be6 7. Nge2 Bd6 8. Nf4 Bxf4 9. Bxf4 h6 10. Qd2 Nc6 11. Bb5 Qd7 12. O-O-O a6 13. Bxc6 Qxc6 14. Be5 O-O-O 15. Bxf6 gxf6 16. Qf4 f5 17. Rd3 Rdg8 18. Rg1 Rg4 19. Qd2 Rg6 20. Ne2 Rhg8 21. Nf4 Rg5 22. Rh3 Qa4 23. Kb1 Qc4 24. b3 Qb5 25. a4 Qe8 26. Rxh6 Qe7 27. Kb2 Rg4 28. Rh3 Qg5 29. Rg3 Qh4 30. Rh3 Qg5 31. Rf3 Qh4 32. h3 R4g7 33. g3 Qh6 34. Re1 Rh7 35. Qe2 Re8 36. Re3 Qf6 37. c3 c5 38. Nxe6 fxe6 39. Rxe6 Rxe6 40. Qxe6+ Qxe6 41. Rxe6 cxd4 42. cxd4 Rxh3 43. Re5 f4 44. gxf4 Rf3 45. f5 Rxf2+ 46. Kc3 Rf3+ 47. Kb4 Kc7 48. Rxd5 Kc6 49. Rc5+ Kd6 50. Re5 Rf4 51. Kc4 Rf1 52. Re6+ Kd7 53. Rf6 Rc1+ 54. Kd5 Rc3 55. Rf7+ Kc8 56. b4 Rb3 57. Kd6 Kb8 58. Kc5 Rc3+ 59. Kd5 Rb3 60. Kc4 Re3 61. f6 Re6 62. d5 Re4+ 63. Kc5 b6+ 64. Kxb6 Rxb4+ 65. Kxa6 Rxa4+ 66. Kb6 Rb4+ 67. Kc5 Re4 68. Re7 Rf4 69. f7 1-0

[Event "NAYCC U12"]
[Site "Toronto CAN"]
[Date "2013.08.17"]
[Round "6"]
[White "Frutos, Chase"]
[Black "Mercado, Carlos"]
[Result "1-0"]
[WhiteElo "1942"]
[BlackElo "1782"]
[PlyCount "117"]
[GameId "2160767909267375"]
[EventDate "2013.08.14"]
[EventType "swiss"]
[EventRounds "9"]
[EventCountry "CAN"]
[SourceTitle "EXT 2022"]
[Source "ChessBase"]
[SourceDate "2021.10.06"]
[SourceVersion "1"]
[SourceVersionDate "2021.10.06"]
[SourceQuality "1"]

1. e4 c5 2. Nf3 e6 3. Nc3 a6 4. g3 d5 5. exd5 exd5 6. Bg2 Nf6 7. O-O Be7 8. d4 c4 9. Ne5 Nc6 10. Re1 O-O 11. Bg5 Be6 12. Qd2 h6 13. Bf4 Qb6 14. Nxc6 bxc6 15. Rab1 Bb4 16. a3 Be7 17. Na4 Qb5 18. Nc3 Qb6 19. b4 Nh5 20. Be5 Nf6 21. Na4 Qb5 22. Nc5 Ng4 23. Bc7 Bxc5 24. bxc5 Qa4 25. Qc3 Bf5 26. Re2 a5 27. Rb2 Rfe8 28. Rxe8+ Rxe8 29. Qxa5 Qxa5 30. Bxa5 Ra8 31. Bb4 Nf6 32. Ra2 Ra4 33. Bf3 Bg4 34. Bxg4 Nxg4 35. Ra1 Nf6 36. Re1 Ne4 37. f3 Ng5 38. Re8+ Kh7 39. Kg2 Ne6 40. c3 Ra6 41. Rb8 Ra4 42. Rb7 Kg6 43. g4 Kf6 44. Kg3 g5 45. Rb6 Nd8 46. f4 gxf4+ 47. Kxf4 Ra8 48. h4 Ne6+ 49. Kg3 Nd8 50. Kf3 Ra7 51. Rb8 Ne6 52. Rc8 Ra6 53. a4 Kg7 54. a5 Kf6 55. Rb8 Kg6 56. Rb6 Nc7 57. Kf4 f6 58. h5+ Kf7 59. Rb7 1-0

[Event "NAYCC U12"]
[Site "Toronto CAN"]
[Date "2013.08.17"]
[Round "6"]
[White "Hemmat, Alexander"]
[Black "Liang, Hairan"]
[Result "0-1"]
[WhiteElo "1688"]
[BlackElo "1073"]
[PlyCount "146"]
[GameId "2160767909267376"]
[EventDate "2013.08.14"]
[EventType "swiss"]
[EventRounds "9"]
[EventCountry "CAN"]
[SourceTitle "EXT 2022"]
[Source "ChessBase"]
[SourceDate "2021.10.06"]
[SourceVersion "1"]
[SourceVersionDate "2021.10.06"]
[SourceQuality "1"]

1. d4 Nf6 2. c4 e6 3. Nf3 Nc6 4. Bf4 Bb4+ 5. Nc3 O-O 6. Qc2 b6 7. e3 Bb7 8. Bd3 Ne7 9. Bg3 Ng6 10. O-O Bxc3 11. bxc3 d6 12. Rab1 Bc6 13. e4 Nd7 14. d5 exd5 15. exd5 Bb7 16. Nd4 Nc5 17. Bf5 a6 18. Rfe1 Qf6 19. a4 Rfe8 20. f4 Re7 21. Rxe7 Qxe7 22. Re1 Qf8 23. Nc6 Re8 24. Rb1 Bxc6 25. dxc6 Re7 26. h4 Qe8 27. h5 Re2 28. Qd1 Nf8 29. Kf1 Re3 30. Qd2 Nxa4 31. Bd7 Qe7 32. Re1 Rxe1+ 33. Qxe1 Qxe1+ 34. Kxe1 Nc5 35. Be8 Nfe6 36. Bh4 Kf8 37. Bd7 Nxd7 38. cxd7 f6 39. f5 Nc5 40. h6 Nxd7 41. hxg7+ Kf7 42. g8=Q+ Kxg8 43. Kd2 Kf7 44. Kd3 Ne5+ 45. Kd4 c6 46. Be1 Kg7 47. Bd2 h5 48. Bc1 Nf7 49. Ba3 h4 50. Ke4 Kh6 51. Kf4 Kh5 52. Bb4 c5 53. Ba3 Ne5 54. Ke4 Nxc4 55. Bc1 Kg4 56. Kd5 b5 57. Ke6 Kg3 58. Kxf6 Kxg2 59. Kg5 h3 60. Bf4 h2 61. Bxh2 Kxh2 62. f6 Ne5 63. Kf5 Kg3 64. Ke6 Kf4 65. Kxd6 b4 66. c4 b3 67. Kxc5 b2 68. Kb6 b1=Q+ 69. Ka7 Nxc4 70. f7 Qf5 71. Ka8 Qxf7 72. Kb8 Nd6 73. Ka8 Qb7# 0-1

[Event "NAYCC U12"]
[Site "Toronto CAN"]
[Date "2013.08.17"]
[Round "6"]
[White "Kishkimbayev, Alisher"]
[Black "Luo, Ricky"]
[Result "1-0"]
[WhiteElo "1201"]
[BlackElo "1023"]
[PlyCount "120"]
[GameId "2160767909267377"]
[EventDate "2013.08.14"]
[EventType "swiss"]
[EventRounds "9"]
[EventCountry "CAN"]
[SourceTitle "EXT 2022"]
[Source "ChessBase"]
[SourceDate "2021.10.06"]
[SourceVersion "1"]
[SourceVersionDate "2021.10.06"]
[SourceQuality "1"]

1. d4 Nf6 2. c4 g6 3. Nc3 Bg7 4. e4 d6 5. f3 O-O 6. Be3 Nbd7 7. Qd2 e5 8. Nge2 Re8 9. d5 Nb6 10. Ng3 c6 11. Rd1 cxd5 12. cxd5 Qc7 13. Rc1 Nc4 14. Nb5 Nxd2 15. Nxc7 Nxf1 16. Rxf1 Bd7 17. Nxe8 Rxe8 18. Bxa7 Ra8 19. Be3 Bb5 20. Rf2 Rxa2 21. Rfc2 h5 22. b4 Ra3 23. Bd2 Kh7 24. Rc7 Ba6 25. Rxf7 b5 26. Rfc7 Ra2 27. R7c2 Ra3 28. Bc3 Bh6 29. Ra1 Rxa1+ 30. Bxa1 Ne8 31. Rc6 Bb7 32. Rb6 Bc8 33. Rxb5 Ba6 34. Rb6 Bd3 35. Ne2 Bf8 36. Kd2 Bxe2 37. Kxe2 Nf6 38. Rc6 Kg8 39. Rc7 Ne8 40. Ra7 Bg7 41. b5 Bf6 42. b6 Bd8 43. Ra8 Bxb6 44. Rxe8+ Kf7 45. Rb8 Bc5 46. Rb5 Ke7 47. Bxe5 Kd8 48. Bc3 Kc8 49. Kd3 Kd7 50. Bd4 Ba3 51. Rb7+ Kc8 52. Ra7 Bb4 53. Ke2 Kb8 54. Ra4 Bc5 55. Bxc5 dxc5 56. Rc4 Kc7 57. Rxc5+ Kd6 58. Rc6+ Kd7 59. e5 Kd8 60. Rxg6 Ke7 1-0

[Event "NAYCC U12"]
[Site "Toronto CAN"]
[Date "2013.08.17"]
[Round "6"]
[White "Li, Ben"]
[Black "Kelly, Joey M"]
[Result "0-1"]
[WhiteElo "2037"]
[BlackElo "1936"]
[PlyCount "82"]
[GameId "2160767909267378"]
[EventDate "2013.08.14"]
[EventType "swiss"]
[EventRounds "9"]
[EventCountry "CAN"]
[SourceTitle "EXT 2022"]
[Source "ChessBase"]
[SourceDate "2021.10.06"]
[SourceVersion "1"]
[SourceVersionDate "2021.10.06"]
[SourceQuality "1"]

1. d4 d5 2. Nf3 Nf6 3. c4 e6 4. Nc3 c6 5. e3 Nbd7 6. Bd3 dxc4 7. Bxc4 b5 8. Bd3 a6 9. O-O Bb7 10. Qe2 c5 11. b3 Be7 12. Rd1 Qb6 13. Bb2 O-O 14. a4 b4 15. a5 Qa7 16. Na4 Nd5 17. dxc5 Bxc5 18. Nxc5 Qxc5 19. Bd4 Qe7 20. Rac1 e5 21. Qc2 exd4 22. Bxh7+ Kh8 23. Nxd4 N7f6 24. Bd3 Rac8 25. Qd2 Nc3 26. Rf1 Qe5 27. f4 Qxa5 28. f5 Rfe8 29. Qf2 Qe5 30. Qh4+ Kg8 31. Rce1 Rcd8 32. g4 Rxd4 33. exd4 Qxd4+ 34. Qf2 Qxg4+ 35. Qg3 Qd4+ 36. Qf2 Qxd3 37. Rxe8+ Nxe8 38. Re1 Nf6 39. h4 Qd5 40. Qh2 Ng4 41. Qh3 Qd4+ 0-1

[Event "NAYCC U12"]
[Site "Toronto CAN"]
[Date "2013.08.17"]
[Round "6"]
[White "Li, William"]
[Black "Zheng, Maven"]
[Result "1/2-1/2"]
[WhiteElo "1409"]
[BlackElo "1060"]
[PlyCount "89"]
[GameId "2160767909267379"]
[EventDate "2013.08.14"]
[EventType "swiss"]
[EventRounds "9"]
[EventCountry "CAN"]
[SourceTitle "EXT 2022"]
[Source "ChessBase"]
[SourceDate "2021.10.06"]
[SourceVersion "1"]
[SourceVersionDate "2021.10.06"]
[SourceQuality "1"]

1. e4 e5 2. Nf3 Nc6 3. Bc4 Bc5 4. c3 Nf6 5. d3 O-O 6. Be3 Bxe3 7. fxe3 d6 8. Nbd2 Be6 9. Bb3 h6 10. O-O d5 11. exd5 Nxd5 12. Qe2 Re8 13. Bxd5 Bxd5 14. e4 Be6 15. h3 Qd7 16. Nb3 b6 17. Qc2 Rad8 18. Rad1 Bxb3 19. Qxb3 Na5 20. Qc2 c5 21. a3 Qe6 22. b4 Nb7 23. c4 Qe7 24. b5 Kh8 25. Nd2 Nd6 26. Rf3 Rg8 27. Rdf1 g5 28. Qc1 Rg6 29. Nb3 Rdg8 30. a4 R8g7 31. Qd2 h5 32. Qf2 g4 33. hxg4 Rxg4 34. Rh3 Qg5 35. Rh2 Rg3 36. Qe2 h4 37. Kh1 h3 38. Rxh3+ Rxh3+ 39. gxh3 Qg3 40. Qf3 f5 41. exf5 Nxf5 42. Qh5+ Kg8 43. Qe8+ Kh7 44. Qh5+ Nh6 45. Qf3 1/2-1/2

[Event "NAYCC U12"]
[Site "Toronto CAN"]
[Date "2013.08.17"]
[Round "6"]
[White "Markarov, Stefan"]
[Black "Liu, Ryan"]
[Result "0-1"]
[WhiteElo "1284"]
[BlackElo "1090"]
[PlyCount "144"]
[GameId "2160767909267380"]
[EventDate "2013.08.14"]
[EventType "swiss"]
[EventRounds "9"]
[EventCountry "CAN"]
[SourceTitle "EXT 2022"]
[Source "ChessBase"]
[SourceDate "2021.10.06"]
[SourceVersion "1"]
[SourceVersionDate "2021.10.06"]
[SourceQuality "1"]

1. c4 c6 2. Nc3 d5 3. e3 Nf6 4. Nf3 Bg4 5. Be2 Nbd7 6. h3 Bxf3 7. Bxf3 dxc4 8. b3 cxb3 9. Qxb3 Nc5 10. Qc4 e6 11. O-O Be7 12. Ne4 Ncxe4 13. Bxe4 Nxe4 14. Qxe4 Qd5 15. f3 Bf6 16. Rb1 Qxa2 17. Rxb7 Qd5 18. Qb4 Qd8 19. Bb2 Bxb2 20. Qxb2 O-O 21. Rb4 Rb8 22. Rc1 Qd6 23. Rb1 Rxb4 24. Qxb4 Qxb4 25. Rxb4 a5 26. Rb6 Ra8 27. Rxc6 a4 28. Rc2 Kf8 29. Ra2 Ke7 30. d4 Kd6 31. Kf1 Kd5 32. Ke1 Kc4 33. Kd1 Kb3 34. Ra1 Kb2 35. Rc1 a3 36. Rc2+ Kb3 37. Kc1 a2 38. Rb2+ Ka3 39. Rxa2+ Kxa2 40. Kc2 Rc8+ 41. Kd3 Kb3 42. Ke4 Rc3 43. g4 Kc4 44. f4 f5+ 45. gxf5 exf5+ 46. Kxf5 Rxe3 47. h4 Kxd4 48. h5 Re4 49. Kg5 Ke3 50. f5 Re5 51. h6 gxh6+ 52. Kf6 Kf4 53. Kg7 Rxf5 54. Kxh6 Re5 55. Kxh7 Re6 56. Kg7 Kf5 57. Kf7 Re5 58. Kg7 Re7+ 59. Kf8 Rh7 60. Kg8 Kg6 61. Kf8 Rg7 62. Ke8 Rf7 63. Kd8 Kf6 64. Kc8 Re7 65. Kb8 Rd7 66. Kc8 Ke6 67. Kb8 Kd6 68. Kc8 Kc6 69. Kb8 Rc7 70. Ka8 Kb6 71. Kb8 Rc4 72. Ka8 Rc8# 0-1

[Event "NAYCC U12"]
[Site "Toronto CAN"]
[Date "2013.08.17"]
[Round "6"]
[White "Mihailov, Dmitrii"]
[Black "Menon, Vishal"]
[Result "0-1"]
[WhiteElo "982"]
[BlackElo "1674"]
[PlyCount "68"]
[GameId "2160767909267381"]
[EventDate "2013.08.14"]
[EventType "swiss"]
[EventRounds "9"]
[EventCountry "CAN"]
[SourceTitle "EXT 2022"]
[Source "ChessBase"]
[SourceDate "2021.10.06"]
[SourceVersion "1"]
[SourceVersionDate "2021.10.06"]
[SourceQuality "1"]

1. e4 c5 2. Nf3 d6 3. c3 Nf6 4. d4 cxd4 5. cxd4 Nxe4 6. Nc3 Nxc3 7. bxc3 e6 8. Bb5+ Bd7 9. Bxd7+ Qxd7 10. O-O Be7 11. c4 O-O 12. d5 exd5 13. cxd5 Re8 14. Bb2 Na6 15. Qd4 Bf6 16. Qd2 Bxb2 17. Qxb2 Nc5 18. Qc2 h6 19. Nd4 Rac8 20. Qd1 Ne4 21. f3 Nf6 22. Rf2 Nxd5 23. Nb3 Ne3 24. Qd3 Nc4 25. f4 Qe6 26. Rff1 Qe3+ 27. Qxe3 Nxe3 28. Na5 Nxf1 29. Rxf1 Rc2 30. Nb3 Ree2 31. Rd1 Rxg2+ 32. Kh1 Rxh2+ 33. Kg1 Rxa2 34. Nd4 Rhd2 0-1

[Event "NAYCC U12"]
[Site "Toronto CAN"]
[Date "2013.08.17"]
[Round "6"]
[White "Pierre, Dashwood"]
[Black "Yang, Michael"]
[Result "1/2-1/2"]
[WhiteElo "886"]
[BlackElo "387"]
[PlyCount "29"]
[GameId "2160767909267383"]
[EventDate "2013.08.14"]
[EventType "swiss"]
[EventRounds "9"]
[EventCountry "CAN"]
[SourceTitle "EXT 2022"]
[Source "ChessBase"]
[SourceDate "2021.10.06"]
[SourceVersion "1"]
[SourceVersionDate "2021.10.06"]
[SourceQuality "1"]

1. e4 g6 2. d4 Bg7 3. Nf3 d5 4. exd5 Qxd5 5. Nc3 Qe6+ 6. Be2 Nf6 7. Bf4 c6 8. Ng5 Qd7 9. Bc4 O-O 10. O-O Ng4 11. Qf3 Bxd4 12. Qh3 h5 13. Nce4 e5 14. Bd2 b5 15. Bb3 1/2-1/2

[Event "NAYCC U12"]
[Site "Toronto CAN"]
[Date "2013.08.17"]
[Round "6"]
[White "Seela, Anirudh"]
[Black "Wan, Kevin"]
[Result "1/2-1/2"]
[WhiteElo "1812"]
[BlackElo "2133"]
[PlyCount "161"]
[GameId "2160767909267384"]
[EventDate "2013.08.14"]
[EventType "swiss"]
[EventRounds "9"]
[EventCountry "CAN"]
[SourceTitle "EXT 2022"]
[Source "ChessBase"]
[SourceDate "2021.10.06"]
[SourceVersion "1"]
[SourceVersionDate "2021.10.06"]
[SourceQuality "1"]

1. c4 c5 2. Nc3 Nc6 3. g3 g6 4. Bg2 Bg7 5. a3 d6 6. d3 e6 7. e3 Nge7 8. Nge2 O-O 9. O-O a6 10. Rb1 d5 11. cxd5 exd5 12. d4 cxd4 13. Nxd4 Nxd4 14. exd4 Bf5 15. Ra1 Qd7 16. Be3 b5 17. Qb3 Rfd8 18. Rfe1 Be6 19. Rad1 Rab8 20. Qa2 h6 21. b4 Nc8 22. Bf4 Ra8 23. Ne2 Nb6 24. Nc1 g5 25. Be3 a5 26. Qb3 a4 27. Qa2 Bf5 28. Bf1 Nc4 29. Nd3 Bxd3 30. Bxd3 f5 31. Bb1 f4 32. Bc1 f3 33. Qc2 Qh3 34. Qh7+ Kf8 35. Qf5+ Qxf5 36. Bxf5 Ra6 37. Rd3 Rf6 38. Bg4 Re8 39. Rxe8+ Kxe8 40. Bxf3 Rd6 41. Bh5+ Ke7 42. Kg2 Re6 43. Be3 Kd6 44. Bf3 Kc6 45. Rc3 Bf8 46. Kh3 Rf6 47. Bg4 Kb6 48. Kg2 Nxa3 49. Rxa3 Bxb4 50. Ra2 Bc3 51. Bd1 Ka5 52. Kf1 Kb4 53. Ke2 Kc4 54. Bxa4 bxa4 55. Rxa4+ Kb5 56. Ra8 Bb4 57. Rc8 Bd6 58. Kd3 Kb6 59. Rh8 Kc6 60. h4 gxh4 61. gxh4 Bf8 62. Ke2 Kd6 63. Rh7 Ke6 64. Rb7 Kf5 65. Kf3 Kg6+ 66. Kg4 h5+ 67. Kg3 Bd6+ 68. Kg2 Bf4 69. Rb5 Bxe3 70. fxe3 Rf5 71. Rb6+ Kf7 72. Kg3 Rf1 73. Rb5 Ke6 74. Rb8 Rg1+ 75. Kh2 Rg4 76. Kh3 Re4 77. Re8+ Kf5 78. Rf8+ Ke6 79. Re8+ Kf5 80. Rf8+ Ke6 81. Re8+ 1/2-1/2

[Event "NAYCC U12"]
[Site "Toronto CAN"]
[Date "2013.08.17"]
[Round "6"]
[White "Shen, Christopher"]
[Black "Kobla, Vishal"]
[Result "1-0"]
[WhiteElo "2018"]
[BlackElo "1752"]
[PlyCount "99"]
[GameId "2160767909267385"]
[EventDate "2013.08.14"]
[EventType "swiss"]
[EventRounds "9"]
[EventCountry "CAN"]
[SourceTitle "EXT 2022"]
[Source "ChessBase"]
[SourceDate "2021.10.06"]
[SourceVersion "1"]
[SourceVersionDate "2021.10.06"]
[SourceQuality "1"]

1. e4 c5 2. Nc3 Nc6 3. g3 e6 4. Bg2 d6 5. d3 g6 6. f4 Bg7 7. Nf3 Nge7 8. O-O O-O 9. Be3 b6 10. d4 d5 11. e5 Nf5 12. Bf2 cxd4 13. Nxd4 Ncxd4 14. Bxd4 Qe7 15. Bf2 Qb4 16. Rb1 Ba6 17. Re1 Rad8 18. a3 Qc4 19. Bf1 Qc8 20. Nb5 Bxb5 21. Bxb5 d4 22. Bd3 Ne7 23. Qf3 f6 24. exf6 Bxf6 25. Qe4 Kf7 26. g4 Rfe8 27. Bb5 Rf8 28. h4 a6 29. g5 Bg7 30. Bxa6 Qd7 31. Bc4 Nd5 32. h5 gxh5 33. Qxh7 Rh8 34. Qe4 Rhf8 35. Bxd4 Bxd4+ 36. Qxd4 Kg8 37. Bxd5 exd5 38. Re2 h4 39. Qxb6 Rxf4 40. Qg6+ Kh8 41. Re6 Qa7+ 42. Kh1 Qd4 43. Re7 Rf7 44. Qxf7 Qe4+ 45. Rxe4 dxe4 46. Qf6+ Kh7 47. Qxd8 Kg6 48. Qf6+ Kh5 49. Rg1 h3 50. Qh6# 1-0